000 00216nam a22000977a 4500
999 _c263493
_d263492
020 _a 0380709538
100 _a Beverly Cleary
245 _aRunaway Ralph
260 _aNew York
_b HarperTrophy,
_c1970
942 _cBK